[Event "GER-chT U20 Girls"]
[Site "Magdeburg"]
[Date "2023.12.30"]
[Round "7.6"]
[White "Daoud, Shahnaz"]
[Black "Muhina, Liana"]
[Result "1/2-1/2"]
[WhiteElo "1346"]
[BlackElo "1192"]
[PlyCount "52"]
[EventDate "2023.12.26"]
[EventType "team-swiss"]
[EventRounds "7"]
[EventCountry "GER"]
[SourceTitle "CB03_2024"]
[SourceDate "2024.01.17"]
[SourceVersion "1"]
[SourceVersionDate "2024.01.17"]
[SourceQuality "1"]
[WhiteTeam "Lehrte"]
[BlackTeam "Garching"]
[WhiteTeamCountry "GER"]
[BlackTeamCountry "GER"]

1. d4 d5 2. Nf3 Nf6 3. c3 Bg4 4. Ne5 Nbd7 5. Nxg4 Nxg4 6. Qb3 Nb6 7. Bf4 e6 8. Qb5+ c6 9. Qd3 Bd6 10. Qg3 Bxf4 11. Qxg4 Qg5 12. Qxg5 Bxg5 13. e3 0-0 14. Bd3 Rac8 15. 0-0 c5 16. Nd2 c4 17. Bc2 a6 18. Rfc1 Rc7 19. Bd1 Nd7 20. b3 b5 21. b4 Nb6 22. a4 bxa4 23. Bxa4 Ra8 24. Bd1 Rca7 25. Rcb1 Nd7 26. Ra4 a5 1/2-1/2

[Event "GER-chT U20 Girls"]
[Site "Magdeburg"]
[Date "2023.12.29"]
[Round "5.9"]
[White "Daoud, Shahnaz"]
[Black "Erakhnovich, Sofia"]
[Result "1-0"]
[WhiteElo "1346"]
[BlackElo "789"]
[PlyCount "69"]
[EventDate "2023.12.26"]
[EventType "team-swiss"]
[EventRounds "7"]
[EventCountry "GER"]
[SourceTitle "CB03_2024"]
[SourceDate "2024.01.17"]
[SourceVersion "1"]
[SourceVersionDate "2024.01.17"]
[SourceQuality "1"]
[WhiteTeam "Lehrte"]
[BlackTeam "Stuttgart Strateg"]
[WhiteTeamCountry "GER"]
[BlackTeamCountry "GER"]

1. d4 d5 2. Bf4 e6 3. e3 Nf6 4. Bd3 Bd6 5. Bxd6 Qxd6 6. c3 0-0 7. Nf3 Nbd7 8. Nbd2 b6 9. 0-0 c5 10. e4 c4 11. e5 Qc7 12. Bc2 Nh5 13. Ng5 g6 14. Bxg6 hxg6 15. g4 Nf4 16. Qf3 f6 17. Qxf4 fxg5 18. Qxg5 Kh7 19. Qh4+ Kg7 20. f4 Qd8 21. g5 Rh8 22. Qg4 Nf8 23. h4 Rh5 24. Rf3 Bd7 25. Nf1 Qe7 26. Rh3 Qf7 27. Ng3 Rh7 28. h5 gxh5 29. Nxh5+ Kh8 30. Nf6 Rxh3 31. Qxh3+ Nh7 32. Kg2 Rd8 33. Rh1 Kg7 34. Qh6+ Kh8 35. Qxh7+ 1-0

[Event "GER-chT U20 Girls"]
[Site "Magdeburg"]
[Date "2023.12.29"]
[Round "6.8"]
[White "Ignatova, Gabriela"]
[Black "Daoud, Shahnaz"]
[Result "1/2-1/2"]
[WhiteElo "1202"]
[BlackElo "1346"]
[PlyCount "41"]
[EventDate "2023.12.26"]
[EventType "team-swiss"]
[EventRounds "7"]
[EventCountry "GER"]
[SourceTitle "CB03_2024"]
[SourceDate "2024.01.17"]
[SourceVersion "1"]
[SourceVersionDate "2024.01.17"]
[SourceQuality "1"]
[WhiteTeam "Meuselwitz"]
[BlackTeam "Lehrte"]
[WhiteTeamCountry "GER"]
[BlackTeamCountry "GER"]

1. e4 c6 2. d4 d5 3. Nc3 dxe4 4. Nxe4 Bf5 5. Ng3 Bg6 6. h4 h6 7. Nf3 Nf6 8. Bc4 e6 9. Bf4 Bd6 10. Bxd6 Qxd6 11. Qe2 Nbd7 12. 0-0-0 0-0 13. Ne5 Bh7 14. Rhe1 Rfe8 15. Nh5 Nxh5 16. Qxh5 Nxe5 17. Qxe5 Rad8 18. Qxd6 Rxd6 19. d5 e5 20. dxc6 Rxc6 21. Bb3 1/2-1/2

[Event "GER-chT U20 Girls"]
[Site "Muenster"]
[Date "2022.12.28"]
[Round "4"]
[White "Mohammed Dawed, Lizan"]
[Black "Daoud, Shahnaz"]
[Result "0-1"]
[WhiteElo "816"]
[BlackElo "1367"]
[PlyCount "86"]
[EventDate "2022.12.26"]
[EventType "team-swiss"]
[EventRounds "7"]
[EventCountry "GER"]
[SourceTitle "CBM 212 Extra"]
[Source "ChessBase"]
[SourceDate "2023.03.31"]
[SourceVersion "1"]
[SourceVersionDate "2023.03.31"]
[SourceQuality "1"]
[WhiteTeam "Bad Oldesloe"]
[BlackTeam "Lehrte"]
[WhiteTeamCountry "GER"]
[BlackTeamCountry "GER"]

1. c4 Nf6 2. Nc3 e6 3. g3 d5 4. cxd5 exd5 5. Bg2 c6 6. b3 Bf5 7. d3 Bb4 8. Bd2 0-0 9. e4 Re8 10. Nge2 dxe4 11. 0-0 exd3 12. Nf4 Nbd7 13. Re1 Qa5 14. Rc1 Qb6 15. Na4 Qa5 16. Bxb4 Qxb4 17. Rc3 Rad8 18. Rxe8+ Rxe8 19. Nxd3 Bxd3 20. Qxd3 g6 21. h4 Re1+ 22. Bf1 Ra1 23. Rc4 Qe1 24. Rc2 Rd1 25. Qe2 Qxe2 26. Rxe2 b5 27. Nc3 Rc1 28. Ne4 Nxe4 29. Rxe4 Kf8 30. Rd4 Nc5 31. Rd6 Ne4 32. Rd4 Nc3 33. a4 bxa4 34. Kg2 a3 35. Rc4 a2 36. Rxc6 a1Q 37. Ra6 Qb1 38. Rd6 Rxf1 39. Rd8+ Kg7 40. Rd4 Ne4 41. Kf3 Rxf2+ 42. Kg4 Nf6+ 43. Kg5 h6# 0-1

[Event "GER-chT U20 Girls"]
[Site "Muenster"]
[Date "2022.12.27"]
[Round "1"]
[White "Dhanasekaran Meenambigai, Diya"]
[Black "Daoud, Shahnaz"]
[Result "1/2-1/2"]
[WhiteElo "1437"]
[BlackElo "1367"]
[PlyCount "46"]
[EventDate "2022.12.26"]
[EventType "team-swiss"]
[EventRounds "7"]
[EventCountry "GER"]
[SourceTitle "CBM 212 Extra"]
[Source "ChessBase"]
[SourceDate "2023.03.31"]
[SourceVersion "1"]
[SourceVersionDate "2023.03.31"]
[SourceQuality "1"]
[WhiteTeam "Solingen"]
[BlackTeam "Lehrte"]
[WhiteTeamCountry "GER"]
[BlackTeamCountry "GER"]

1. e4 e6 2. d4 d5 3. exd5 exd5 4. c4 Nf6 5. Nc3 c6 6. Nf3 Be7 7. Be2 Bg4 8. 0-0 0-0 9. h3 Bh5 10. Re1 Re8 11. Qb3 Qc7 12. cxd5 cxd5 13. Nxd5 Nxd5 14. Qxd5 Bg6 15. Ne5 Rd8 16. Qc4 Qxc4 17. Bxc4 Bf6 18. Nxg6 hxg6 19. d5 Nd7 20. Rb1 Nb6 21. Bb3 Nxd5 22. Bxd5 Rxd5 23. Bf4 Rc8 1/2-1/2

[Event "Niedersachsen-ch op-C"]
[Site "Verden an der Aller"]
[Date "2020.01.04"]
[Round "5"]
[White "Daoud, Shahnaz"]
[Black "Sorge, Elias"]
[Result "1-0"]
[WhiteElo "1000"]
[BlackElo "757"]
[PlyCount "101"]
[EventDate "2020.01.02"]
[EventType "swiss"]
[EventRounds "7"]
[EventCountry "GER"]
[SourceTitle "EXT 2023"]
[Source "ChessBase"]
[SourceDate "2022.10.05"]
[SourceVersion "1"]
[SourceVersionDate "2022.10.05"]
[SourceQuality "1"]

1. d4 e6 2. e4 d5 3. exd5 exd5 4. Bd3 c5 5. c3 Nc6 6. Nf3 Bg4 7. Nbd2 cxd4 8. cxd4 Nxd4 9. Qa4+ Qd7 10. Qxd4 Nf6 11. 0-0 Bd6 12. Re1+ Kd8 13. b3 h6 14. a4 Re8 15. Rxe8+ Qxe8 16. Ba3 Bxa3 17. Rxa3 Kc7 18. Qc5+ Qc6 19. Qxc6+ bxc6 20. Ne5 Bh5 21. Ra1 Ng4 22. Re1 Re8 23. Ndf3 Nxe5 24. Rxe5 Rxe5 25. Nxe5 Kd6 26. Nf3 Bg6 27. Bxg6 fxg6 28. b4 a6 29. Kf1 c5 30. bxc5+ Kxc5 31. Ke2 Kb4 32. Kd3 Kxa4 33. Kd4 Kb4 34. Kxd5 a5 35. Kd4 a4 36. Kd3 a3 37. Ne1 Kb3 38. f4 a2 39. Nc2 g5 40. fxg5 hxg5 41. g4 g6 42. h3 Kb2 43. Kd2 a1Q 44. Nxa1 Kxa1 45. Ke3 Kb2 46. Ke4 Kc2 47. Ke5 Kd2 48. Kf6 Ke2 49. Kxg6 Kf3 50. Kxg5 Kg3 51. h4 1-0

[Event "GER-chT U20 Girls"]
[Site "Braunschweig"]
[Date "2019.12.27"]
[Round "1.8"]
[White "Daoud, Shahnaz"]
[Black "Cerkez, Lorena"]
[Result "0-1"]
[WhiteElo "1000"]
[BlackElo "1000"]
[PlyCount "106"]
[EventDate "2019.12.27"]
[EventType "team-swiss"]
[EventRounds "7"]
[EventCountry "GER"]
[SourceTitle "CBM 194 Extra"]
[Source "ChessBase"]
[SourceDate "2020.03.31"]
[SourceVersion "1"]
[SourceVersionDate "2020.03.31"]
[SourceQuality "1"]
[WhiteTeam "Lehrte"]
[BlackTeam "Duesseldorf SK"]
[WhiteTeamCountry "GER"]
[BlackTeamCountry "GER"]

1. d4 Nf6 2. e3 g6 3. Bd3 d6 4. Nf3 Bg7 5. Nc3 0-0 6. e4 Nfd7 7. Be3 c6 8. Qd2 Qc7 9. Bh6 e5 10. Bxg7 Kxg7 11. d5 c5 12. 0-0 a6 13. a4 Nf6 14. Nh4 Qd8 15. Be2 Nfd7 16. g3 Nf6 17. Ng2 Bh3 18. f4 Bxg2 19. Kxg2 Nbd7 20. f5 Rh8 21. g4 h6 22. Rh1 gxf5 23. gxf5 Kf8 24. Kf2 Ke7 25. Rag1 Qf8 26. Bf3 Rg8 27. Rxg8 Nxg8 28. Rg1 Ngf6 29. b3 Qh8 30. Ke2 Rg8 31. Rxg8 Nxg8 32. Kd3 Ngf6 33. Ne2 h5 34. h4 Qg7 35. Qg5 Qf8 36. Bxh5 c4+ 37. Kxc4 Qc8+ 38. Kd3 Nc5+ 39. Ke3 Ncxe4 40. Qg2 Qc5+ 41. Kf3 Nd2+ 42. Kg3 Nxh5+ 43. Kg4 Nf6+ 44. Kh3 Qe3+ 45. Ng3 Nfe4 46. Kh2 Nxg3 47. Qxg3 Nf1+ 48. Kg2 Qxg3+ 49. Kh1 Qxh4+ 50. Kg1 e4 51. Kxf1 e3 52. Ke2 Qf2+ 53. Kd1 Qd2# 0-1

[Event "Hannover Bezirks-ch U16"]
[Site "Lehrte"]
[Date "2019.10.03"]
[Round "1.3"]
[White "Daoud, Shahnaz"]
[Black "Bangemann, Mika"]
[Result "0-1"]
[WhiteElo "1061"]
[BlackElo "1679"]
[PlyCount "110"]
[EventDate "2019.10.03"]
[EventType "swiss"]
[EventRounds "7"]
[EventCountry "GER"]
[SourceTitle "EXT 2023"]
[Source "ChessBase"]
[SourceDate "2022.10.05"]
[SourceVersion "1"]
[SourceVersionDate "2022.10.05"]
[SourceQuality "1"]

1. d4 d5 2. Nf3 Bf5 3. e3 Nf6 4. Bd3 Bxd3 5. cxd3 e6 6. Nbd2 Nbd7 7. Ne5 c5 8. Nxd7 Qxd7 9. dxc5 Bxc5 10. d4 Bd6 11. Nf3 Qc7 12. b3 0-0 13. Bb2 Rac8 14. Rc1 Bb4+ 15. Nd2 Qa5 16. Rxc8 Rxc8 17. f3 Qxa2 18. Bc1 Rc2 19. Rf1 Qxb3 20. Rf2 Qxe3+ 21. Kf1 Qc3 22. Nb3 Qc4+ 23. Kg1 Rxf2 24. Kxf2 a5 25. Be3 Nd7 26. Qb1 a4 27. Nd2 Bxd2 28. Qxb7 Bxe3+ 29. Kxe3 Qb3+ 30. Qxb3 axb3 31. Kd2 Nb6 32. Kc3 Nc4 33. Kxb3 Ne3 34. g4 Nf1 35. h4 Nd2+ 36. Kc3 Nxf3 37. h5 h6 38. Kd3 Nh2 39. Ke3 Nxg4+ 40. Kf3 Nf6 41. Kf4 Nxh5+ 42. Ke5 g5 43. Kd6 g4 44. Ke5 g3 45. Kd6 g2 46. Ke5 g1Q 47. Kd6 Qxd4 48. Kc7 Qc5+ 49. Kd8 Kf8 50. Kd7 Nf6+ 51. Kd8 Qd6+ 52. Kc8 Qc6+ 53. Kb8 Nd7+ 54. Ka7 Qb6+ 55. Ka8 Qb8# 0-1

[Event "Hannover Bezirk-ch U14"]
[Site "Hannover"]
[Date "2018.10.04"]
[Round "1.2"]
[White "Daoud, Shahnaz"]
[Black "Von Knobloch, Tizian"]
[Result "0-1"]
[WhiteElo "881"]
[BlackElo "1374"]
[PlyCount "136"]
[EventDate "2018.10.04"]
[EventType "swiss"]
[EventRounds "7"]
[EventCountry "GER"]
[SourceTitle "EXT 2022"]
[Source "ChessBase"]
[SourceDate "2021.10.06"]
[SourceVersion "1"]
[SourceVersionDate "2021.10.06"]
[SourceQuality "1"]

1. e4 e6 2. d4 c5 3. Be3 b6 4. Nd2 Bb7 5. Bd3 d5 6. e5 Nc6 7. Ngf3 cxd4 8. Bxd4 Nxd4 9. Nxd4 Bb4 10. c3 Bc5 11. N2f3 Ne7 12. b4 Bxd4 13. cxd4 0-0 14. 0-0 g6 15. g3 Nc6 16. a3 Rc8 17. Rc1 Ne7 18. h4 h5 19. Qd2 Kg7 20. Kh2 Rc7 21. Rxc7 Qxc7 22. Rg1 f6 23. g4 fxe5 24. Nxe5 hxg4 25. Rxg4 Rf6 26. h5 Nf5 27. Qg5 Bc8 28. hxg6 Bd7 29. Kg2 Be8 30. Qh5 Kg8 31. Bxf5 exf5 32. Rg5 Qg7 33. f4 b5 34. Nf7 a6 35. Kf3 Rc6 36. Qh7+ Qxh7 37. gxh7+ Kxh7 38. Rxf5 Kg6 39. Rxd5 Bxf7 40. Rg5+ Kf6 41. Rg3 Rc3+ 42. Kg4 Rxg3+ 43. Kxg3 Kf5 44. Kf3 Bd5+ 45. Kg3 Be4 46. Kf2 Kxf4 47. Ke2 Bd5 48. Kd3 Bc4+ 49. Kc3 Ke4 50. Kb2 Kxd4 51. a4 Be2 52. a5 Kc4 53. Ka3 Bf3 54. Kb2 Kxb4 55. Ka2 Kxa5 56. Kb3 Kb6 57. Kb4 a5+ 58. Kb3 Kc5 59. Ka3 Kc4 60. Kb2 b4 61. Kb1 Kc3 62. Kc1 a4 63. Kb1 b3 64. Ka1 a3 65. Kb1 Be4+ 66. Ka1 b2+ 67. Ka2 b1Q+ 68. Kxa3 Qa1# 0-1